000 00670nam a2200265Ia 4500
003 OSt
005 20220918163522.0
006 a|||||r|||| 00| 0
007 ta
008 220917b |||||||| |||| 00| 0 eng d
020 _a007001602X
024 _a3,093
037 _cTextual
040 _aARTS
_cARTS
_beng
041 _2eng
_aeng
082 _aSZ, K4;L9
100 _aAnastasi Anne
_913500
245 0 _aField of applied psychology
250 _a2nd
260 _aNew York
_bMcGraw Hill Nook Company
_c1979
300 _axiii,673p
_ccm.
650 _aPSYCHOLOGY
942 _hSZ, K4;L9
_cTEXL
_2CC
999 _c119900
_d119900